|
|
|
|
| LEADER |
00000nam0a2200000 4500 |
| 001 |
146803 |
| 005 |
20231031144754.0 |
| 035 |
|
|
|a (RuTPU)RU\TPU\book\159132
|
| 090 |
|
|
|a 146803
|
| 100 |
|
|
|a 20081105d1966 km y0rusy50 ca
|
| 101 |
0 |
|
|a rus
|
| 102 |
|
|
|a RU
|
| 105 |
|
|
|a a z 000zy
|
| 200 |
1 |
|
|a Как самому рассчитать и сделать электродвигатель
|f Н. В. Виноградов, Ю. Н. Виноградов
|
| 205 |
|
|
|a 2-е изд., перераб. и доп.
|
| 210 |
|
|
|a Москва
|a Ленинград
|c Энергия
|d 1966
|
| 215 |
|
|
|a 175 с.
|c ил.
|
| 610 |
1 |
|
|a электродвигатели
|
| 610 |
1 |
|
|a расчет
|
| 610 |
1 |
|
|a изготовление
|
| 610 |
1 |
|
|a техника безопасности
|
| 610 |
1 |
|
|a электродвигатели постоянного тока
|
| 610 |
1 |
|
|a однофазные электродвигатели
|
| 610 |
1 |
|
|a электродвигатели переменного тока
|
| 610 |
1 |
|
|a бытовые электроприборы
|
| 610 |
1 |
|
|a трансформаторы
|
| 675 |
|
|
|a 621.313.13
|v 3
|
| 700 |
|
1 |
|a Виноградов
|b Н. В.
|g Николай Владимирович
|
| 701 |
|
1 |
|a Виноградов
|b Ю. Н.
|g Юрий Николаевич
|
| 801 |
|
1 |
|a RU
|b 63413507
|c 20081105
|g PSBO
|
| 801 |
|
2 |
|a RU
|b 63413507
|c 20140110
|g PSBO
|
| 942 |
|
|
|c BK
|